A ver qué ves 1 : cuaderno de escritor /

Guardado en:
Autor Principal: Pogorelsky, Melina.
Formato: Libro
Idioma:Undetermined
Publicado: Buenos Aires : Santillana, 2012.
Edición:1a ed.
Materias:
Etiquetas: Agregar Etiqueta
Sin Etiquetas, Sea el primero en etiquetar este registro!
LEADER 00664nam a22001935a 4500
001 CEM.cems024681
008 250613s2012####ag############000#0#und#d
005 20250613170458.0
245 1 0 |a A ver qué ves 1 :  |b cuaderno de escritor /  |c Melina Pogorelsky. 
250 |a 1a ed. 
260 |a Buenos Aires :  |b Santillana,  |c 2012. 
300 |a 80 p. 
500 |a Este cuaderno de escritor acompaña al libro "A ver qué ves 1: libro de lectura". 
020 |a 9789504629672 
100 1 |a Pogorelsky, Melina. 
653 |a Prácticas del Lenguaje 
653 |a Educación primaria 
653 |a Libro de texto 
859 |a CEMS  |b BIB. CEMS - Inicial y Primaria  |h 468  |i P746  |k IP  |p 6974.1  |t Ej.1